Ультрафиолетовое излучение. Получение, измерение и применение в медицине, биологии и технике: пер. с нем.

Մատենագիտական մանրամասներ
Հիմնական հեղինակ: Мейер А.
Այլ հեղինակներ: Зейтц Э.
Լեզու:ռուսերեն
Հրապարակվել է: Москва, Изд-во иностранной литературы, 1952
Խորագրեր:
Ձևաչափ: MixedMaterials Գիրք
KOHA link:https://koha.lib.tpu.ru/cgi-bin/koha/opac-detail.pl?biblionumber=147468

MARC

LEADER 00000nam0a2200000 4500
001 147468
005 20231101221309.0
035 |a (RuTPU)RU\TPU\book\159845 
090 |a 147468 
100 |a 20081114d1952 m y0rusy50 ca 
101 1 |a rus  |c ger 
102 |a RU 
105 |a a z 001zy 
200 1 |a Ультрафиолетовое излучение. Получение, измерение и применение в медицине, биологии и технике  |e пер. с нем.  |f А. Мейер, Э. Зейтц 
210 |a Москва  |c Изд-во иностранной литературы  |d 1952 
215 |a 574 с.  |c ил. 
320 |a Библиогр.: с. 512-562. 
320 |a Предметный указатель: с. 563-567. 
606 1 |a Ультрафиолетовые лучи  |2 stltpush  |3 (RuTPU)RU\TPU\subj\63029  |9 80080 
610 1 |a физика 
610 1 |a получение 
610 1 |a измерение 
610 1 |a применение 
610 1 |a газоразрядные излучатели 
610 1 |a газовый разряд 
610 1 |a ртутные лампы 
610 1 |a спектр 
610 1 |a флюоресценция 
610 1 |a фосфоресценция 
610 1 |a эритема 
610 1 |a пигментация 
610 1 |a медицина 
610 1 |a техника 
675 |a 535.33-3  |v 3 
700 1 |a Мейер  |b А. 
701 1 |a Зейтц  |b Э. 
801 1 |a RU  |b 63413507  |c 20081114  |g PSBO 
801 2 |a RU  |b 63413507  |c 20210609  |g PSBO 
942 |c BK